| 000 | 00358nam a2200145 a 4500 | ||
|---|---|---|---|
| 005 | 20141022142001.0 | ||
| 008 | 100915s19uu xx 00 eng d | ||
| 050 |
_aDVD _bR11 1998 |
||
| 100 | _aRay, Michael | ||
| 245 | _aCreativity in Business. | ||
| 260 |
_bStandford University, _c2002. |
||
| 650 | _aDVD | ||
| 650 | _aBusiness promotion | ||
| 942 | _cAVM | ||
| 999 |
_c276252 _d276252 |
||